Ruskin and Gandhi (Record no. 67342)

MARC details
000 -LEADER
fixed length control field 00657cam a22002291 4500
001 - CONTROL NUMBER
control field sa 66000610
003 - CONTROL NUMBER IDENTIFIER
control field DLC
005 - DATE AND TIME OF LATEST TRANSACTION
control field 20260227112216.0
008 - FIXED-LENGTH DATA ELEMENTS--GENERAL INFORMATION
fixed length control field 780214s1965 ii b 000 0deng
010 ## - LIBRARY OF CONGRESS CONTROL NUMBER
LC control number sa 66000610
035 ## - SYSTEM CONTROL NUMBER
System control number (OCoLC)3636513
040 ## - CATALOGING SOURCE
Original cataloging agency DLC
Transcribing agency MiRochOU
Modifying agency DLC
050 00 - LIBRARY OF CONGRESS CALL NUMBER
Classification number DS481.G3
Item number L28
100 2# - MAIN ENTRY--PERSONAL NAME
Personal name Lakshmi Menon, V.
245 10 - TITLE STATEMENT
Title Ruskin and Gandhi
Statement of responsibility, etc. [by] V. Lakshmi Menon.
250 ## - EDITION STATEMENT
Edition statement [1st ed.
260 ## - PUBLICATION, DISTRIBUTION, ETC.
Place of publication, distribution, etc. Varanasi]
Name of publisher, distributor, etc. Sarva Seva Sangh Prakashan
Date of publication, distribution, etc. [1965]
300 ## - PHYSICAL DESCRIPTION
Extent ii, 64 p.
Dimensions 19 cm.
504 ## - BIBLIOGRAPHY, ETC. NOTE
Bibliography, etc. note Bibliography: p. [56]-64.
600 10 - SUBJECT ADDED ENTRY--PERSONAL NAME
Personal name Gandhi,
Titles and other words associated with a name Mahatma,
Dates associated with a name 1869-1948.
600 10 - SUBJECT ADDED ENTRY--PERSONAL NAME
Personal name Ruskin, John,
Dates associated with a name 1819-1900
General subdivision Influence.

No items available.

Powered by Koha